|
|
|
|
| LEADER |
02689nam a22005775i 4500 |
| 001 |
978-3-642-23447-7 |
| 003 |
DE-He213 |
| 005 |
20170113065821.0 |
| 007 |
cr nn 008mamaa |
| 008 |
110825s2011 gw | s |||| 0|eng d |
| 020 |
|
|
|a 9783642234477
|9 978-3-642-23447-7
|
| 024 |
7 |
|
|a 10.1007/978-3-642-23447-7
|2 doi
|
| 040 |
|
|
|d GrThAP
|
| 050 |
|
4 |
|a T385
|
| 050 |
|
4 |
|a TA1637-1638
|
| 050 |
|
4 |
|a TK7882.P3
|
| 072 |
|
7 |
|a UYQV
|2 bicssc
|
| 072 |
|
7 |
|a COM016000
|2 bisacsh
|
| 082 |
0 |
4 |
|a 006.6
|2 23
|
| 245 |
1 |
0 |
|a Information and Communication on Technology for the Fight against Global Warming
|h [electronic resource] :
|b First International Conference, ICT-GLOW 2011, Toulouse, France, August 30-31, 2011. Proceedings /
|c edited by Dieter Kranzlmüller, A Min Toja.
|
| 264 |
|
1 |
|a Berlin, Heidelberg :
|b Springer Berlin Heidelberg :
|b Imprint: Springer,
|c 2011.
|
| 300 |
|
|
|a XI, 190 p. 77 illus., 35 illus. in color.
|b online resource.
|
| 336 |
|
|
|a text
|b txt
|2 rdacontent
|
| 337 |
|
|
|a computer
|b c
|2 rdamedia
|
| 338 |
|
|
|a online resource
|b cr
|2 rdacarrier
|
| 347 |
|
|
|a text file
|b PDF
|2 rda
|
| 490 |
1 |
|
|a Lecture Notes in Computer Science,
|x 0302-9743 ;
|v 6868
|
| 520 |
|
|
|a This book constitutes the refereed proceedings of the First International Conference on Information and Communication Technology for the Fight against Global Warming, ICT-Glow 2011, held in Toulouse, France in August 2011. The 16 revised papers presented were carefully reviewed and selected from 24 submissions. They address the following topics: parallel computing, ICT for transportation, cloud and pervasive computing, measurement and control and storage.
|
| 650 |
|
0 |
|a Computer science.
|
| 650 |
|
0 |
|a Climate change.
|
| 650 |
|
0 |
|a Computer graphics.
|
| 650 |
|
0 |
|a Application software.
|
| 650 |
|
0 |
|a Management information systems.
|
| 650 |
|
0 |
|a Environmental monitoring.
|
| 650 |
1 |
4 |
|a Computer Science.
|
| 650 |
2 |
4 |
|a Computer Imaging, Vision, Pattern Recognition and Graphics.
|
| 650 |
2 |
4 |
|a Climate Change Management and Policy.
|
| 650 |
2 |
4 |
|a Computer Appl. in Administrative Data Processing.
|
| 650 |
2 |
4 |
|a Management of Computing and Information Systems.
|
| 650 |
2 |
4 |
|a Monitoring/Environmental Analysis.
|
| 650 |
2 |
4 |
|a Climate Change.
|
| 700 |
1 |
|
|a Kranzlmüller, Dieter.
|e editor.
|
| 700 |
1 |
|
|a Toja, A Min.
|e editor.
|
| 710 |
2 |
|
|a SpringerLink (Online service)
|
| 773 |
0 |
|
|t Springer eBooks
|
| 776 |
0 |
8 |
|i Printed edition:
|z 9783642234460
|
| 830 |
|
0 |
|a Lecture Notes in Computer Science,
|x 0302-9743 ;
|v 6868
|
| 856 |
4 |
0 |
|u http://dx.doi.org/10.1007/978-3-642-23447-7
|z Full Text via HEAL-Link
|
| 912 |
|
|
|a ZDB-2-SCS
|
| 912 |
|
|
|a ZDB-2-LNC
|
| 950 |
|
|
|a Computer Science (Springer-11645)
|